UIL Events - Statistics

General Stats
  • This quiz has been taken 6 times
  • The average score is 9 of 20
Answer Stats
Grades Answer % Correct
4-8 Art
67%
6-8 Mathematics
67%
4-8 Number Sense
67%
6-8 One Act Play
67%
6-8 Science
67%
6-8 Calculator Applications
50%
2-8 Chess Puzzles
50%
5-8 Dictionary Skills
50%
5-8 Maps, Graphs, & Charts
50%
5-8 Social Studies
50%
3-8 Spelling
50%
6-8 Editorial Writing
33%
2-8 Music Memory
33%
4-9 Oral Reading
33%
3-8 Ready Writing
33%
2-3 Storytelling
33%
6-8 Theatrical Design Pilot
33%
2 Creative Writing
17%
5-8 Listening
17%
6-8 Modern Oratory
17%
No matching quizzes found
Score Distribution
Percent of People with Each Score
Percentile by Number Answered
Your Score History
You have not taken this quiz